Statistiques concernant Culture Générale - Série 1235

Cliquez ici pour prendre le quiz!

Statistiques générales

  • Ce quiz a été pris 75 fois
  • Le résultat moyen est 6 sur 10

Statistiques - réponses

QuestionRéponse% Correct
En 1990, quel trio comique français chantait “Isabelle a les yeux bleus” ?Les Inconnus
91%
Selon la légende, sous quel arbre saint Louis rendait-il la justice ?chêne
90%
Je peux être "à glace", "à roulettes" ou désigner un long baiser avec la langue. Que suis-je ?patin
87%
Quelle est la profession de Christian Chesnot et Georges Malbrunot, retenus 4 mois en otage en 2004 ?journalistes
77%
Quel sigle désigne l'insecticide : dichloro-diphényl-trichloréthane ?D.D.T
74%
Quelle est la troisième lettre de l'alphabet grec ?gamma
70%
Quel fromage du Jura, marqué en son milieu par une raie noire, désigne également en Suisse, une horloge comtoise d'appartement ?morbier
62%
En 1873, sous quel président français est adoptée la règle du septennat ?Patrice de Mac-Mahon
32%
Quelle héroïne d'un opéra de Verdi est une esclave éthiopienne en Égypte ?Aïda
26%
Quel animal est Sidney, le grand vainqueur du championnat du monde 2010 de course, organisé à Congham en Grande-Bretagne ?escargot
19%

Distribution des résultats

Percentile par nombre de réponses

% des personnes avec chaque résultat

Votre développement - résultats

Vous n’avez pas pris ce quiz